1990s Movies A-Z Quiz Stats

 Plays Quiz Updated Apr 24, 2018

Score 0/26 Timer 06:00
7 Plays Today
% Correct
The Lion King
97.3%
Titanic
96.4%
Edward Scissorhands
96.3%
Dumb and Dumber
95.8%
Fight Club
92.7%
The Silence of the Lambs
91.8%
Independence Day
90.5%
The X-Files
88.7%
American Pie
88.5%
Good Will Hunting
87.4%
Kindergarten Cop
87.2%
The Wedding Singer
85%
Clueless
84.5%
% Correct
The Matrix
82.7%
Jerry Maguire
80.6%
You’ve Got Mail
76.8%
Reservoir Dogs
76.1%
Philadelphia
73.1%
Office Space
71.4%
Boyz n the Hood
69.7%
Unforgiven
60.4%
Natural Born Killers
55.5%
Heat
54.9%
Quiz Show
47.3%
Varsity Blues
45.3%
Zero Effect
6.1%

You're not logged in!

Compare scores with friends on all Sporcle quizzes.
OR
Log In

Sporcle TV

Today on Sporcle TV


Watch our educational content, quiz creation guides, and fun videos on Sporcle TV.

Show Comments

Extras

Top Quizzes Today


Score Distribution

Your Account Isn't Verified!

In order to create a playlist on Sporcle, you need to verify the email address you used during registration. Go to your Sporcle Settings to finish the process.

Report this User

Report this user for behavior that violates our Community Guidelines.

Details: